Newes from the stars, or, An ephemeris with astrological judgements, upon eclipses and cœlestial configurations for the year 1661 /

Bibliographic Details
Main Author: Andrews, William, approximately 1635-1713
Format: Microform Book
Language:English
Series:Early English books, 1641-1700 ; 1083:13.
Subjects:

MARC

Tag First Indicator Second Indicator Subfields
LEADER 00000cam a2200000 a 4500
001 in00000941921
005 20150925152142.0
007 hd afv|||baca
007 hd bfv|||baaa
008 870618s1661 miua a 00010 eng d
035 |a (OCoLC)15994754 
035 |9 AES7958AM 
037 |a CL0037000036  |b University Microfilms International 
037 |b University Microfilms International, 300 N. Zeeb Rd., Ann Arbor, MI 48106 
040 |a EAH  |c EAH  |d m/c  |d UMI  |d UtOrBLW 
049 |a TXAI 
090 |a AY751.A52  |b N48 1661 
099 |a film   |a  B   |a  3609 
100 1 |a Andrews, William,  |d approximately 1635-1713. 
245 1 0 |a Newes from the stars, or, An ephemeris with astrological judgements, upon eclipses and cœlestial configurations for the year 1661 /  |c calculated for the meridian of the honourable city of London by William Andrews ... 
264 3 |a London :  |b Printed by Tho. Ratcliffe for the Company of Stationers,  |c 1661. 
300 |a 48 unnumbered pages :  |b illustrations 
336 |a text  |b txt  |2 rdacontent 
337 |a microform  |b h  |2 rdamedia 
338 |a microfilm reel  |b hd  |2 rdacarrier 
500 |a Reproduction of original in Bodleian Library. 
510 4 |a Wing  |c A1262 
533 |a Microfilm.  |b Ann Arbor, Mich. :  |c University Microfilms International,  |d 1980.  |e 1 microfilm reel ; 35 mm.  |f (Early English books, 1641-1700 ; 1083:13) 
500 |a Microform : wherein is discovered those various actions and designes which are intended by the heavens to be on foot in most parts of Europe. 
650 0 |a Almanacs, English. 
650 0 |a Ephemerides. 
650 0 |a Astrology  |v Early works to 1800. 
740 0 |a Newes from the stars. 
740 3 |a An ephemeris with astrological judgements upon eclipses. 
830 0 |a Early English books, 1641-1700 ;  |v 1083:13. 
999 |a MARS 
999 f f |s 075c22b6-7e6a-3b9c-bd9e-9f52a6b2fa9f  |i 8fab126c-ed66-3d55-8cbf-b2244cfce59c  |t 0 
952 f f |p default  |a Texas A&M University  |b College Station  |c Sterling C. Evans Library  |d Evans: Microforms (3rd floor)  |t 0  |e film B 3609 1083:13  |h Other scheme  |i microform -- microfilm reel 
998 f f |a film B 3609 1083:13  |t 0  |l Evans: Microforms (3rd floor)